| 000 | 00614cam a22002053a 4500 | ||
|---|---|---|---|
| 001 | 34315 | ||
| 003 | PGUSA | ||
| 005 | 20140828083736.0 | ||
| 008 | 101114s2010||||xxu|||||s|||||000 | eng d | ||
| 040 |
_aPGUSA _beng |
||
| 042 | _adc | ||
| 100 | 1 |
_aHall, E. Raymond _q(Eugene Raymond), _d1902-1986 |
|
| 245 | 1 | 0 |
_aTwo New Meadow Mice from Michoacán Mexico _h[electronic resource] / _cE. Raymond Hall |
| 260 |
_bProject Gutenberg, _c2010 |
||
| 506 | _aPublic domain in the USA. | ||
| 516 | _aElectronic text | ||
| 830 | 0 |
_aProject Gutenberg _v34315 |
|
| 856 | 4 | 0 | _uhttp://www.gutenberg.org/ebooks/34315 |
| 942 | _cEB | ||
| 999 |
_c263570 _d263570 |
||